| 000 | 00957nam a22002175i 4500 | ||
|---|---|---|---|
| 001 | 152986 | ||
| 003 | ES-MaACL | ||
| 005 | 20240229062725.0 | ||
| 008 | 040903s1808 sp |||| | spa d | ||
| 080 | _a94(460)"1808/14" | ||
| 100 | 0 |
_aEl Tío Ventosa. _9176183 |
|
| 245 | 1 | 0 |
_aCarta que un chispero de Madrid escribía a Napoleón Bonaparte en 13 de junio de 1808 refiriéndole las aventuras de sus tropas en aquella corte / _c[El tío Ventosa]. |
| 260 |
_aImpresa en Cádiz : _bpor Quintana..., _c[1808?] |
||
| 300 |
_a8 p. ; _c20 cm. |
||
| 530 | _aDisponible en formato digital. | ||
| 594 | _aAutor consta a final del texto | ||
| 651 | 4 |
_aEspaña- _xHistoria- _y1808-1814, Guerra de la Independencia _98244 |
|
| 852 | 4 |
_aES-MaACL _jR-3318(4) _z- Enc. en un vol. facticio con otras obras formando "Miscelánea patriótica" |
|
| 856 | 4 |
_uhttp://bdh-rd.bne.es/viewer.vm?id=0000141035&page=1 _zBiblioteca Digital Hispánica |
|
| 999 |
_c152986 _d152986 |
||